Educación y comunidad
Uloženo v:
| Hlavní autoři: | , |
|---|---|
| Médium: | Kniha |
| Jazyk: | španělština |
| Vydáno: |
Buenos Aires
El Ateneo
1973
|
| Edice: | Biblioteca nuevas orientaciones de la educación
|
| Témata: | |
| Tagy: |
Přidat tag
Žádné tagy, Buďte první, kdo vytvoří štítek k tomuto záznamu!
|
MARC
| LEADER | 00000nam a2200000 a 4500 | ||
|---|---|---|---|
| 001 | UCW4286 | ||
| 003 | CL-VaPUC | ||
| 008 | 891129e19730000AG |||||||||||||||||spa|d | ||
| 082 | 0 | 4 | |a 306.43 |b SCH |2 21 |
| 100 | 0 | |a Schipani, Daniel S |e author |9 308937 | |
| 700 | 0 | |a Tinao, Daniel E |e author |9 308938 | |
| 245 | 1 | 0 | |a Educación y comunidad |
| 300 | |a 62 p | ||
| 942 | |c BK | ||
| 945 | |d 19891129 00:00:00 | ||
| 260 | |a Buenos Aires |b El Ateneo |c 1973 | ||
| 650 | 0 | |a Sociología de la educación |9 260380 | |
| 583 | |a last modification |c 19891129 00:00:00 |k Rodrigo Vera | ||
| 490 | 0 | |a Biblioteca nuevas orientaciones de la educación | |
| 999 | |c 218058 |d 218056 | ||
| 952 | |0 0 |1 0 |4 0 |6 306_430000000000000_SCH_1973 |7 0 |8 P |9 206914 |a BIBEDU |b BIBEDU |c BIBEDU_PB |d 2019-11-15 |i 2747154 |o 306.43 SCH 1973 |p 2747154 |r 2024-01-25 |w 2019-11-15 |y BK |k EDU | ||